A modern introduction to basic mathematics

Uloženo v:
Podrobná bibliografie
Hlavní autor: Keedy, Mervin L (Autor)
Médium: Kniha
Jazyk:angličtina
Vydáno: Reading Addison-Wesley 1963
Edice:Addison-Wesley Series in Science and Mathematics Education
Témata:
Tagy: Přidat tag
Žádné tagy, Buďte první, kdo vytvoří štítek k tomuto záznamu!

MARC

LEADER 00000nam a2200000 a 4500
001 UCQ8778
003 CL-VaPUC
008 981217e19630000US |||||||||||||||||eng|d
082 0 4 |a 510  |b KEE  |2 21 
100 |a Keedy, Mervin L  |e author  |9 460575 
245 1 2 |a A modern introduction to basic mathematics 
300 |a 326 p 
942 |c BK 
945 |d 19981217 00:00:00  |a cmena 
260 |a Reading  |b Addison-Wesley  |c 1963 
650 0 |a Matemática  |9 260235 
650 0 |a Teoría de números  |9 265327 
650 0 |a Aritmética   |9 270049 
650 0 |a Lógica matemática   |9 262442 
650 0 |a Geometría   |9 264063 
650 0 |a Relaciones matemáticas  |9 359925 
583 |a last modification  |c 19981217 00:00:00  |k Rodrigo Vera 
490 0 |a Addison-Wesley Series in Science and Mathematics Education 
999 |c 277955  |d 277953 
952 |0 0  |1 0  |4 0  |6 510_000000000000000_KEE_1963  |7 0  |8 A  |9 316246  |a BIBMAT  |b BIBMAT  |d 2019-11-20  |i 1311166  |o 510 KEE 1963  |p 1311166  |r 2025-01-07  |w 2019-11-20  |y BK  |k MAT 
952 |0 0  |1 0  |4 0  |6 510_000000000000000_KEE_1963  |7 0  |8 A  |9 316247  |a BIBMAT  |b BIBMAT  |d 2019-11-20  |i 1317229  |o 510 KEE 1963  |p 1317229  |r 2025-01-07  |w 2019-11-20  |y BK  |k MAT